Prístupy k rozhodovaciemu procesu v znalostnej organizácii

V dnešnom podnikateľskom prostredí nadobúdajú znalosti rastúci význam. Znalosť sa stáva najdôležitejším aktívom spoločnosti a logicky sa odráža v jej rozhodovacích procesoch. Modelové prístupy k rozhodovaniu a popis hlavných charakteristík znalostnej spoločnosti. Rozhodovanie sa stáva hlavným konkur...

Descripción completa

Guardado en:
Detalles Bibliográficos
Autor principal: Jankelová, Nadežda, 1966-
Formato: Capítulo de libro
Lenguaje:eslovaco
Materias:
Etiquetas: Agregar Etiqueta
Sin Etiquetas, Sea el primero en etiquetar este registro!

MARC

LEADER 00000nla a2200000 4500
001 0240366
005 20240502073914.7
041 0 |a slo 
044 |a SK 
245 1 0 |a Prístupy k rozhodovaciemu procesu v znalostnej organizácii  |c Nadežda Jankelová 
520 |a V dnešnom podnikateľskom prostredí nadobúdajú znalosti rastúci význam. Znalosť sa stáva najdôležitejším aktívom spoločnosti a logicky sa odráža v jej rozhodovacích procesoch. Modelové prístupy k rozhodovaniu a popis hlavných charakteristík znalostnej spoločnosti. Rozhodovanie sa stáva hlavným konkurenčným faktorom a prináša spoločnostiam konkurenčnú výhodu na trhu. 
610 2 0 |a procesy rozhodovacie 
610 2 0 |a organizácie vedomostné 
610 2 0 |a prostredie podnikateľské 
610 2 0 |a výhody konkurenčné 
610 2 0 |a vedomosti 
100 1 |a Jankelová, Nadežda, 1966-